000 00556nam a2200205 a 4500
001 22754
003 CO-ViMGA
008 141112s2004 ck r 000 u spa d
020 _a9583013641
040 _aCO-ViMGA
_bspa
_cCO-ViMGA
082 0 4 _a646.75 H175m
100 1 _aHarnes, Rosie Linda
_932482
245 1 0 _aMasajes
260 _aColombia :
_bPanAméricana
300 _a128p.
505 _aMasaje sentado, Masaje corporal, Masaje facial
650 1 4 _aMASAJE - EFECTOS FISIOLOGICOS
_932483
650 1 4 _aMASAJE - TECNICA
_926684
942 _2ddc
_cBK
999 _c31052
_d31052